Política social /
Збережено в:
| Автор: | |
|---|---|
| Інші автори: | |
| Формат: | Текст |
| Опубліковано: |
Madrid:
McGraw-Hill
|
| Предмети: | |
| Теги: |
Додати тег
Немає тегів, Будьте першим, хто поставить тег для цього запису!
|
MARC
| LEADER | 00000 a a2200000 04500 | ||
|---|---|---|---|
| 001 | 31890 | ||
| 003 | |||
| 040 | |||
| 020 | |a 84-481-1182-6 | ||
| 090 | |a 200406 | ||
| 100 | |a Alemán Bracho, Carmen | ||
| 245 | |a Política social / |c Carmen Alemán Bracho | ||
| 260 | |a Madrid: |b McGraw-Hill | ||
| 300 | |a 578 p. | ||
| 650 | |a POLITICA SOCIAL | ||
| 650 | |a SERVICIOS DE SALUD | ||
| 650 | |a ADMINISTRACION DE LA SALUD | ||
| 650 | |a BIENESTAR SOCIAL | ||
| 650 | |a SEGURIDAD SOCIAL | ||
| 650 | |a SISTEMA DE SALUD | ||
| 650 | |a ACCESO A LA SALUD | ||
| 650 | |a LEGISLACION | ||
| 650 | |a ATENCION PRIMARIA DE LA SALUD | ||
| 650 | |a ATENCION MEDICA | ||
| 650 | |a POLITICA DE SALUD | ||
| 650 | |a FINANCIAMIENTO | ||
| 700 | |a coord. |a Garcés Ferrer, Jorge |a coord. | ||
| 999 | |c 11725 |d 11725 | ||



